000 00510nam a22001697a 4500
001 45653
003 BD-DhUET
008 260418b xxu||||| |||| 00| 0 eng d
040 _c0
_dBD-DhUET
100 _aBiswas, Anando Kumar
245 _aDevelopment of a web platform for alumni networking and blood donation management
260 _aDhaka
_bInstitute of Information and Communication Technology, BUET
_c2025
300 _axi, 48p.
501 _aOne CD-ROM
504 _aIncludes bibliographies
942 _cTH
999 _c45653
_d45653